000 01357nam a2200313 a 4500
001 ebr10722543
003 CaPaEBR
006 m o u
007 cr cn|||||||||
008 150303s2013 enka sb 001 0 eng d
020 _z9781119975397
020 _z9781118622193 (e-book)
040 _aCaPaEBR
_cCaPaEBR
035 _a(OCoLC)843124281
050 1 4 _aTP156.C3
_b.S87 2013eb
082 0 4 _a621.042
_223
245 0 0 _aSustainable carbon materials from hydrothermal processes
_h[electronic resource] /
_cedited by Maria-Magdalena Titirici.
260 _aChichester, England :
_bWiley,
_cc2013.
300 _a1 online resource (xiv, 357 p.) :
_bill., graphs.
504 _aIncludes bibliographical references at the end of each chapters and index.
533 _aElectronic reproduction.
_bPalo Alto, Calif. :
_cebrary,
_d2015.
_nAvailable via World Wide Web.
_nAccess may be limited to ebrary affiliated libraries.
588 _aDescription based on online resource; title from title page (ebrary, viewed July 4, 2013).
650 0 _aHydrothermal carbonization.
650 0 _aEnergy conversion.
655 7 _aElectronic books.
_2local
700 1 _aTitirici, Maria-Magdalena.
710 2 _aebrary, Inc.
856 4 0 _uhttp://site.ebrary.com/lib/rucke/Doc?id=10722543
_zAn electronic book accessible through the World Wide Web; click to view
999 _c39406
_d39406